Smallest Countries by Land Area - Statistics

General Stats
  • This quiz has been taken 108 times
  • The average score is 14 of 20
Answer Stats
Placement Answer % Correct
1 Vatican City
100%
2 Monaco
97%
5 San Marino
90%
6 Liechtenstein
86%
16 Andorra
83%
4 Tuvalu
77%
3 Nauru
74%
18 Saint Lucia
74%
10 Malta
73%
17 Palau
71%
13 Barbados
70%
14 Antigua and Barbuda
68%
20 Micronesia
68%
19 Tonga
66%
7 Marshall Islands
60%
15 Seychelles
60%
11 Grenada
57%
9 Maldives
55%
8 Saint Kitts and Nevis
29%
12 Saint Vincent and Grenadines
29%
No matching quizzes found
Score Distribution
Percent of People with Each Score
Percentile by Number Answered
Your Score History
You have not taken this quiz